000 00252nam a2200109Ia 4500
999 _c9600
_d9600
020 _a978-0133970777
100 _aElmasri, Navathe
245 0 _aFundamentals Of Database Systems
260 _aIndia
_bTata McGraw Hill
_c1997
300 _a431
942 _cBK